LEADER 01116nam a2200313 i 4500 001 991003779499707536 005 20020509132020.0 008 980210s1992 ||| ||| | fre 020 $a2711694291 020 $a2890077314 035 $ab11213528-39ule_inst 035 $aPARLA188432$9ExL 040 $aDip.to Filosofia$bita 082 0 $a149.1 100 1 $aPanaccio, Claude$0540702 245 14$aLes mots, les concepts et les choses :$bla sémantique de Guillaume d'Occam et le nominalisme d'aujourd'hui /$cClaude Panaccio 260 $aMontréal :$bBellarmin ; Vrin,$c1992 300 $a288 p. ;$c23 cm. 490 0 $aCollection Analytiques ;$v3 650 4$aGuglielmo : di Occam 650 4$aNominalismo 650 4$aOntologia 650 4$aSemantica$xFilosofia 907 $a.b11213528$b23-02-17$c01-07-02 912 $a991003779499707536 945 $aLE005 189 GUI01. PAN01. 01$g1$i2005000007651$lle005$o-$pE0.00$q-$rl$s- $t0$u0$v0$w0$x0$y.i11366217$z01-07-02 996 $aMots, les concepts et les choses$9870257 997 $aUNISALENTO 998 $ale005$b01-01-98$cm$da $e-$feng$gxx $h4$i1 LEADER 03573oam 2200613 c 450 001 9910155395703321 005 20260302090207.0 010 $a3-8309-8353-0 024 3 $a9783830983538 035 $a(CKB)3710000000974746 035 $a(Waxmann)9783830983538 035 $a(EXLCZ)993710000000974746 100 $a20260302d2016 uy 0 101 0 $ager 135 $aurnnunnnannuu 181 $ctxt$2rdacontent 182 $cc$2rdamedia 183 $acr$2rdacarrier 200 00$aGrundlagentexte Wissenschaftlicher Musikpädagogik $eBegriffe, Positionen, Perspektiven im systematischen Fokus /$fBernd Clausen, Alexander J. Cvetko, Stefan Hörmann, Martina Krause-Benz, Silke Kruse-Weber 205 $a1st, New ed. 210 $aMünster$cWaxmann$d2016 215 $a1 online resource (252 p.) 311 08$a3-8309-3353-3 330 $aDie systematische musikpädagogische Forschung nachhaltig voranzubringen und damit die wissenschaftliche Perspektive in der Musikpädagogik insgesamt zu weiten und zu stärken, begreifen die Herausgeberinnen und Herausgeber der vorliegenden Publikation als ihre Aufgabe. Sie haben sich dafür seit geraumer Zeit zu einem hochschulübergreifend arbeitenden Forschungsteam zusammengeschlossen. In dieser ersten gemeinsamen Publikation stehen vorliegende Musikpädagogik- und Musikdidaktik-Begriffe sowie fachliche Strukturierungsansätze zur Debatte, werden Dimensionen und Strategien historischer musikpädagogischer Unterrichtsforschung entfaltet, erfolgt eine begriffsgeschichtliche Analyse und terminologische Konturierung Komparativer Musikpädagogik, kommt die Instrumentalpädagogik als Wissenschaftsdisziplin in den Blick und wird die Notwendigkeit wissenschaftlicher Musikpädagogik im Kontext der Musiklehramtsbildung und der musikpädagogischen Praxis erörtert. 330 1 $aDie Autoren des vorliegenden Handbuchs diagnostizieren völlig zu Recht eine »perspektivische Engführung« des musikpädagogischen Fachdiskurses, der unterrichtspraktische Bemühungen vornehmlich den Greifarmen empirischer Zugänge ausgesetzt sieht und sich damit einseitig an eine Bezugswissenschaft anlehnt. Die Autoren versuchen daher, »die systematische Forschung auf der Basis wissenschaftlicher Reflexion über Geschichte und Gegenwart der Musikpädagogik und ihren Gewinn für eine wissenschaftliche Profilierung des Faches stärker ins Spiel zu bringen« (S. 7) und die Diskussion innerhalb der vielfältigen Bezugswissenschaften neu und gründlich auszuloten. ? Jürgen Oberschmidt in: Die Tonkunst, 4/2017 606 $aMusikpädagogik 606 $aMusikdidaktik 606 $aInstrumentalpädagogik 606 $aMusikleher 606 $aMusikunterricht 606 $aMusiklehramtsausbildung 606 $aUnterrichtsforschung 606 $aKomparative Musikpädagogik 606 $aSchulpädagogik 615 4$aMusikpädagogik 615 4$aMusikdidaktik 615 4$aInstrumentalpädagogik 615 4$aMusikleher 615 4$aMusikunterricht 615 4$aMusiklehramtsausbildung 615 4$aUnterrichtsforschung 615 4$aKomparative Musikpädagogik 615 4$aSchulpädagogik 702 $aClausen$b Bernd$4edt 702 $aCvetko$b Alexander J$4edt 702 $aHörmann$b Stefan$4edt 702 $aKrause-Benz$b Martina$4edt 702 $aKruse-Weber$b Silke$4edt 801 0$bWaxmann 801 1$bWaxmann 906 $aBOOK 912 $a9910155395703321 996 $aGrundlagentexte Wissenschaftlicher Musikpa?dagogik$92782512 997 $aUNINA